| 000 | 00740cam0a220019300 4500 | ||
|---|---|---|---|
| 001 | tmp15444532 | ||
| 003 | UPRA | ||
| 005 | 20190830095744.0 | ||
| 008 | 950816r1963 nyu eng u | ||
| 035 | _a(Sirsi) r108384 | ||
| 035 | _a(UPRA)tmp15444532 | ||
| 040 | _cUPRA | ||
| 100 | 1 |
_aMayer, Morris Fritz. _6A66951.1 |
|
| 245 | 1 | 2 |
_aA guide for child-care workers : _bfor houseparents, counselors, children's supervisors, attendants, and child-care workers in children's institutions and hospitals. |
| 260 |
_aNew York : _bChild Welfare League of America, _c[1963 reprint] |
||
| 650 | 0 |
_aChildren -- Institutional care. _xChildren -- Institutional care. _6S31681.1 |
|
| 949 |
_aHV965 _wlcc _i-154597 _mMAIN _tBOOK _lON-SHELF |
||
| 004 | 108384 | ||
| 999 |
_c181026 _d181026 |
||